| 000 | 01322nam a22002177a 4500 | ||
|---|---|---|---|
| 005 | 20240814175141.0 | ||
| 008 | s2522 th tha d | ||
| 040 | _aNALT | ||
| 041 | _atha | ||
| 100 | 0 | _aประยูร เถลิงศรี | |
| 245 | 1 | 0 | _aคำแนะนำการจัดตั้งบริษัทมหาชนจำกัด พร้อมด้วยพระราชบัญญัติบริษัทมหาชนจำกัด พ.ศ. 2521 พระราชบัญญัติแก้ไขเพิ่มเติมประมวลกฎหมายแพ่งและพาณิชย์ (ฉบับที่ 9) พ.ศ. 2521 กฎกระทรวง และประกาศกระทรวงพาณิชย์ |
| 260 | 3 |
_aกรุงเทพฯ : _bชวนพิมพ์, _c2522 |
|
| 300 |
_a162 หน้า ; _b 26 ซม. |
||
| 650 | 0 | 4 | _aกฎหมายบริษัท |
| 650 | 0 | 4 | _aบริษัทมหาชนจำกัด |
| 650 | 0 | 4 | _aบริษัทมหาชนจำกัด -- กฎหมายและระเบียบข้อบังคับ |
| 850 | _aNALT | ||
| 942 |
_cLB _01 _2lcc |
||
| 999 |
_c17968 _d17968 |
||
| 998 |
_j25 _k นีลวัสน์ อินทรักษา |
||
| 090 | _aKS51 ป366ค 2522 | ||